000 00455nam a2200157Ia 4500
008 210716s2015 xx 000 0 und d
020 _a9789352131525
041 _aeng
082 _a005.2764 DARC
100 _aDarie, Cristian;Barnett, Wyatt;Posey, Tim.
245 _aBuild your own asp .net 4 website using c# & vb.
250 _a4
260 _aNew Delhi
_bShroff Publishers and Distributors Pvt Ltd
_c2015
300 _axxxii,800
650 _aASP
999 _c195060
_d195060